Understanding the social effects of policy reform / (Record no. 762)

MARC details
000 -LEADER
fixed length control field 01560pam a2200289 a 4500
001 - CONTROL NUMBER
control field 1105177
005 - DATE AND TIME OF LATEST TRANSACTION
control field 20210414113929.0
008 - FIXED-LENGTH DATA ELEMENTS--GENERAL INFORMATION
fixed length control field 930322s1993 dcu b 000 0 eng
020 ## - INTERNATIONAL STANDARD BOOK NUMBER
International Standard Book Number 082132425X
040 ## - CATALOGING SOURCE
Original cataloging agency DLC
Transcribing agency DLC
Modifying agency DLC
050 00 - LIBRARY OF CONGRESS CALL NUMBER
Classification number HD75.U5
245 00 - TITLE STATEMENT
Title Understanding the social effects of policy reform /
Statement of responsibility, etc. editors Lionel Demery, Marco Ferroni, Christiaan Grootaert, with Jorge Wong-Valle.
260 ## - PUBLICATION, DISTRIBUTION, ETC.
Place of publication, distribution, etc. Washington, D.C. :
Name of publisher, distributor, etc. World Bank,
Date of publication, distribution, etc. c1993.
300 ## - PHYSICAL DESCRIPTION
Extent vi, 223 p. ;
Dimensions 28 cm.
500 ## - GENERAL NOTE
General note "A World Bank study."
504 ## - BIBLIOGRAPHY, ETC. NOTE
Bibliography, etc. note Includes bibliographical references (p. 212-223).
505 ## - FORMATTED CONTENTS NOTE
Formatted contents note Contents: The Social dimensions of policy reform: concepts, data, analysis -- Analyzing the macroeconomic effects of structural adjustment -- Priority analysis -- The Poverty profile -- Employment and earnings -- Migration responses to adjustment -- Analyzing human resource effects: education -- Analyzing human resource effects: health -- Household food security and nutrition -- Effects of structural adjustment on fertility -- The Impact of adjustment on women -- Smallholders and structural adjustment.
650 #0 - SUBJECT ADDED ENTRY--TOPICAL TERM
Topical term or geographic name entry element Economic development
General subdivision Social aspects.
651 #0 - SUBJECT ADDED ENTRY--GEOGRAPHIC NAME
Geographic name Africa
General subdivision Social conditions
Chronological subdivision 1960-
651 #0 - SUBJECT ADDED ENTRY--GEOGRAPHIC NAME
Geographic name Africa
General subdivision Economic conditions
Chronological subdivision 1960-
700 1# - ADDED ENTRY--PERSONAL NAME
Personal name Demery, Lionel.
700 1# - ADDED ENTRY--PERSONAL NAME
Personal name Ferroni, Marco A.,
Dates associated with a name 1948-
700 1# - ADDED ENTRY--PERSONAL NAME
Personal name Grootaert, Christiaan,
Dates associated with a name 1950-
906 ## - LOCAL DATA ELEMENT F, LDF (RLIN)
a 7
b cbc
c orignew
d 1
e ocip
f 19
g y-gencatlg
942 ## - ADDED ENTRY ELEMENTS (KOHA)
Source of classification or shelving scheme Library of Congress Classification
Koha item type Books
Holdings
Withdrawn status Lost status Source of classification or shelving scheme Damaged status Not for loan Home library Current library Shelving location Date acquired Total Checkouts Full call number Barcode Date last seen Price effective from Koha item type
    Library of Congress Classification     WISCONSIN INTERNATIONAL UNIVERSITY COLLEGE, GHANA - MAIN LIBRARY WISCONSIN INTERNATIONAL UNIVERSITY COLLEGE, GHANA - MAIN LIBRARY General Stacks 24/04/2012   HD75.U5 1735/12 24/04/2012 24/04/2012 Books

If you have any concerns or questions; kindly contact the library


© Powered by WIUC ICT DIRECTORATE